Normal view
MARC view
Entry Topical Term
001 - CONTROL NUMBER
- control field: 1359
003 - CONTROL NUMBER IDENTIFIER
- control field: OSt
005 - DATE AND TIME OF LATEST TRANSACTION
- control field: 20110420161258.0
008 - FIXED-LENGTH DATA ELEMENTS
- fixed length control field: 110420|||a|||||| | ||| d
040 ## - CATALOGING SOURCE
- Original cataloging agency: OSt
- Transcribing agency: OSt
150 ## - HEADING--TOPICAL TERM
- Topical term or geographic name as entry element: Landlord and tenant
- Geographic subdivision: Great Britain.
670 ## - SOURCE DATA FOUND
- Source citation: Work cat.: (OSt)0: Redman, Joseph Haworth, 1846-1927. 1358, Hill and Redman's law of landlord and tenant,, 1970.
